000 00485nam a2200205Ia 4500
003 GCL
008 140319s9999 xx 000 0 eng d
040 _aGCL /
_cGCL
082 0 4 _a759
_bD T
100 1 _aDENVIR, BERNARD
245 1 0 _aTOULOUSE- LAUTREC /
_cDENVIR, BERNARD
260 _a[S.N] :
_bTHOMES AND HUDSON ،
_c1991
300 _a216
650 0 4 _aARTS
650 0 4 _aPAINTING
650 0 4 _aTOULOUSE
650 0 4 _aPAINTERS
650 0 4 _aBIOGRAPHIES
942 _2ddc
_cBK
999 _c17482
_d17482